Fußballer: Kevins in der Fußballwelt - Statistiken

Allgemein
  • Dieses Quiz wurde 299 mal gespielt
    159 seit der letzten Aktualisierung
  • Das Durchschnittsergebnis liegt bei 10 aus 19
Antwortstatistiken
Hinweis Kevin.. % Korrekt
Der vielleicht beste belgische Fußballer aller Zeiten de Bruyne
92%
BVB-Legende & Weltmeister 2014 Großkreutz
92%
Frankfurt-Keeper Trapp
91%
Die Karriere bei der Hertha gestartet und beendet.. zwischendurch Ballacks Karriere beendet & Mode-Ikone in Mailand gewesen... Prince Boateng
78%
Österreichischer Mittelfeldstratege, der nun in Bochum spielt Stöger
62%
Deutsches Sturmtalent aus Freiburg, das nun sein Glück auf der Insel sucht Schade
59%
über 300 Bundesliga-Spiele für Bochum, Augsburg, Köln, Hoffenheim, Bremen & Union Vogt
59%
HSV-Legende & 2x Ballon d'or Gewinner Keegan
57%
Aus der 1860-Jugend, über 250 Bundesligaspiele und nun nach Zwischenstation im Ausland wieder zurück in der Bundesliga Volland
57%
Sturmtank und 2023 ein Spiel für die deutsche Nationalmannschaft absolviert Behrens
54%
Slowenischer Mittelfeldspieler mit über 200 Bundesliga-Spielen Kampl
45%
"Das müssen sie die Trainer fragen, nicht mir" Kuranyi
45%
Ehemaliges großes Talent (Rostock, Wolfsburg), das später sein Glück in der RTL-Unterhaltungswelt suchte Pannewitz
40%
Schweizer Rechtsverteidiger, der aktuell in Augsburg unter Vertrag steht Mbabu
38%
Französischer Stürmer mit über 200 LaLiga-Spielen (vierfacher EL-Sieger) Gameiro
32%
Mittelfeldspieler des VfL Wolfsburgs und Nationalspieler der USA Paredes
27%
Deutscher Innenverteidiger mit über 100 Bundesligaspielen, der aktuell in Hoffenheim unter Vertrag steht Akpoguma
25%
Niederländischer Mittelfeldspieler, der Olympique Marseille 2018 25 Millionen Euro wert war Strootman
20%
Englischer Mittelfeldspieler mit über 400 PL-Spielen (2001-2015) Nolan
3%
Keine übereinstimmenden Quizze gefunden
Verteilung der Resultate
Anzahl Personen mit jedem Resultat
Perzentil nach korrekt beantworteten Fragen
Ihre Resultats-Entwicklung
Sie haben dieses Quiz seit der letzten Aktualisierung nicht gespielt